What if Zedekiah had remained loyal to his master?
| Main Author: | |
|---|---|
| Format: | Print Article |
| Language: | English |
| Check availability: | HBZ Gateway |
| Interlibrary Loan: | Interlibrary Loan for the Fachinformationsdienste (Specialized Information Services in Germany) |
| Published: |
2000
|
| In: |
Virtual history and the bible
Year: 2000, Pages: 115-128 |
| Standardized Subjects / Keyword chains: | B
Israel (Antiquity)
/ History 1000 BC-586 BC
B Babylonia / History 1900 BC-539 BC |
| RelBib Classification: | TC Pre-Christian history ; Ancient Near East |
| Further subjects: | B
Exile
|
MARC
| LEADER | 00000caa a22000002c 4500 | ||
|---|---|---|---|
| 001 | 1589213157 | ||
| 003 | DE-627 | ||
| 005 | 20211213204327.0 | ||
| 007 | tu | ||
| 008 | 190311s2000 xx ||||| 00| ||eng c | ||
| 020 | |a 9004115552 | ||
| 035 | |a (DE-627)1589213157 | ||
| 035 | |a (DE-576)519213157 | ||
| 035 | |a (DE-599)BSZ519213157 | ||
| 040 | |a DE-627 |b ger |c DE-627 |e rakwb | ||
| 041 | |a eng | ||
| 084 | |a 1 |2 ssgn | ||
| 100 | 1 | |0 (DE-588)130870935 |0 (DE-627)506784010 |0 (DE-576)164412379 |4 aut |a Lemche, Niels Peter |d 1945- | |
| 109 | |a Lemche, Niels Peter 1945- |a Lemche, Niels P. 1945- | ||
| 245 | 1 | 0 | |a What if Zedekiah had remained loyal to his master? |
| 264 | 1 | |c 2000 | |
| 336 | |a Text |b txt |2 rdacontent | ||
| 337 | |a ohne Hilfsmittel zu benutzen |b n |2 rdamedia | ||
| 338 | |a Band |b nc |2 rdacarrier | ||
| 650 | 0 | 7 | |0 (DE-588)4015959-0 |0 (DE-627)106334611 |0 (DE-576)208914366 |a Exil |2 gnd |
| 652 | |a TC | ||
| 689 | 0 | 0 | |d g |0 (DE-588)4072956-4 |0 (DE-627)106093711 |0 (DE-576)209188804 |2 gnd |a Israel |g Altertum |
| 689 | 0 | 1 | |q z |2 gnd |a Geschichte v1000-v586 |
| 689 | 0 | |5 (DE-627) | |
| 689 | 1 | 0 | |d g |0 (DE-588)4004102-5 |0 (DE-627)10638757X |0 (DE-576)208853987 |2 gnd |a Babylonien |
| 689 | 1 | 1 | |q z |2 gnd |a Geschichte v1900-v539 |
| 689 | 1 | |5 (DE-627) | |
| 773 | 0 | 8 | |i In |t Virtual history and the bible |d Leiden : Brill, 2000 |g (2000), Seite 115-128 |h 204 S |w (DE-627)303072539 |w (DE-576)084097426 |z 9004115552 |7 nnam |
| 773 | 1 | 8 | |g year:2000 |g pages:115-128 |
| 935 | |a BIIN | ||
| 951 | |a AR | ||
| BIB | |a 1 | ||
| ELC | |b 1 | ||
| ITA | |a 1 |t 1 | ||
| LOK | |0 000 xxxxxcx a22 zn 4500 | ||
| LOK | |0 001 3058990863 | ||
| LOK | |0 003 DE-627 | ||
| LOK | |0 004 1589213157 | ||
| LOK | |0 005 20211118135215 | ||
| LOK | |0 008 190311||||||||||||||||ger||||||| | ||
| LOK | |0 035 |a (DE-Tue135-1)116231 | ||
| LOK | |0 040 |a DE-Tue135-1 |c DE-627 |d DE-Tue135-1 | ||
| LOK | |0 852 |a DE-Tue135-1 | ||
| LOK | |0 852 1 |c FTHAT044899/LEN |m p |9 00 | ||
| LOK | |0 852 2 |b F 77 |9 00 | ||
| LOK | |0 935 |a iSWA | ||
| LOK | |0 936ln |0 1442053569 |a TC | ||
| LOK | |0 938 |k p | ||
| LOK | |0 939 |a 11-03-19 |b l01 | ||
| ORI | |a SA-MARC-ixtheoa001.raw | ||
| REF | |a Alte Geschichte | ||
| REL | |a 1 | ||
| STA | 0 | 0 | |a Babylonia,Exile,Exile,Emigration,Exiles |
| STB | 0 | 0 | |a Exil,Exil,Exil |
| STC | 0 | 0 | |a Exilio,Exilio |
| STD | 0 | 0 | |a Esilio,Esilio |
| STE | 0 | 0 | |a 流放,流放,放逐,放逐 |
| STF | 0 | 0 | |a 流放,流放,放逐,放逐 |
| STG | 0 | 0 | |a Exílio,Exílio |
| STH | 0 | 0 | |a Изгнание (мотив),Изгнание |
| STI | 0 | 0 | |a Εξορία (μοτίβο),Εξορία |
| SUB | |a BIB |a REL | ||
| SYE | 0 | 0 | |a Emigration |
| SYG | 0 | 0 | |a Israel , Medinat Jisrael,Yiśraʾel,Ereṣ Yiśraʾel,Israël,Etat d'Israël,State of Israel,Yiśrāʾēl,Ereṣ Yiśrāʾēl,Medînat Yiśrā'ēl,Isrāʾīl,Izrael , Israel,Israel,Isrā'īl al-Kaskari , Babylonisches Reich,Babylonisches Reich |
| TIM | |a 099990000101_099994141231 |b Geschichte v1000-v586 | ||



